• 首页
  • 本馆介绍
  • 公告通知
  • 最新文献
  • 馆藏检索
  • 电子资源
  • 读者导购
  • 参考咨询
  • 我的图书馆
  • 登录
  • 详细信息显示
  • 放入我的书架
  • 预约/预借图书
  • 作者相关作品
  • 分类相关作品
  • 丛书相关作品
  • 出版社相关作品

书目信息

  • 表格格式
  • 工作单格式
  • 卡片格式
题名:
地图的文明史
    
 
作者: 思罗尔 著 ;陈丹阳 , 张佳静 译
分册:  
出版信息: 北京   商务印书馆  2016.10
页数: 454页
开本: 21cm
丛书名: 科学新视野
单 册:
中图分类: P28-091
科图分类:
主题词: 地图--di tu--历史--世界--青年读物
电子资源:
ISBN: 978-7-100-12500-0
000 01261nam 2200325 450
001 CAL 0120162049066
005 20171228151056.42
010    @a978-7-100-12500-0@b@dCNY40.00
100    @a20161111d2016 em y0chiy50 ea
101 1  @achi@ceng
102    @aCN@b110000
105    @aa a 001yy
106    @ar
200 1  @a地图的文明史@Adi tu de wen ming shi@f(美) 诺曼·思罗尔著@g陈丹阳, 张佳静译
210    @a北京@c商务印书馆@d2016.10
215    @a454页@c图@d21cm
225 2  @a科学新视野@Ake xue xin shi ye
312    @a英文题名取自封面
320    @a有书目 (第308-357页) 和索引
330    @a这是一本关于地图发展的简明扼要的、经典的历史叙述, 作者勾勒了地图与历史间亲密的联系, 并运用了大量的插图 —— 包括古代的著名地图到运用地理信息系统绘制成的当代地图, 多方阐明了从历史时期到今天, 人类文化在如何解读空间关系。
410  0 @12001 @a科学新视野
500 10 @aMap and civilization cartography in culture and society@mChinese
606 0  @a地图@Adi tu@x历史@y世界@j青年读物
690    @aP28-091@v5
701  1 @a思罗尔@Asi luo er@g(Thrower, Norman J.W.),@f1919-?@4著
702  0 @a陈丹阳@Achen dan yang@4译
702  0 @a张佳静@Azhang jia jing@4译
801  0 @aCN@b人天书店@c20161111@g
905    @aBZT@dP28-091@e1
906    @dCNY40.00@n3@r1
    
    地图的文明史/(美) 诺曼·思罗尔著/陈丹阳, 张佳静译.-北京:商务印书馆,2016.10
    454页:图;21cm.-(科学新视野)
    
    
    ISBN 978-7-100-12500-0:CNY40.00
    这是一本关于地图发展的简明扼要的、经典的历史叙述, 作者勾勒了地图与历史间亲密的联系, 并运用了大量的插图 —— 包括古代的著名地图到运用地理信息系统绘制成的当代地图, 多方阐明了从历史时期到今天, 人类文化在如何解读空间关系。
●
相关链接 在五车中查询图书 在当当中查询图书 在豆瓣中查询图书


正题名:地图的文明史     索取号:P28-091/1         预约/预借

序号 登录号 条形码 馆藏地/架位号 状态 备注
1 839522   2000839522   第二书库/ [索取号:P28-091/1] 在馆    
2 839523   2000839523   第二书库/ [索取号:P28-091/1] 在馆    
3 839524   2000839524   第二书库/ [索取号:P28-091/1] 在馆    
山东省滨州职业学院图书馆 欢迎您!
大连网信软件有限公司© 版权所有